<?xml version="1.0" encoding="UTF-8"?>
<record
    xmlns:xsi="http://www.w3.org/2001/XMLSchema-instance"
    xsi:schemaLocation="http://www.loc.gov/MARC21/slim http://www.loc.gov/standards/marcxml/schema/MARC21slim.xsd"
    xmlns="http://www.loc.gov/MARC21/slim">

  <leader>01709nam a2200277Ia 4500</leader>
  <controlfield tag="003">OSt</controlfield>
  <controlfield tag="005">20241018120138.0</controlfield>
  <controlfield tag="008">200731s9999    xx            000 0 und d</controlfield>
  <datafield tag="020" ind1=" " ind2=" ">
    <subfield code="a">7108043300</subfield>
  </datafield>
  <datafield tag="020" ind1=" " ind2=" ">
    <subfield code="a">9787108043306</subfield>
  </datafield>
  <datafield tag="040" ind1=" " ind2=" ">
    <subfield code="c">0</subfield>
  </datafield>
  <datafield tag="041" ind1=" " ind2=" ">
    <subfield code="a">chi</subfield>
    <subfield code="h">eng</subfield>
  </datafield>
  <datafield tag="050" ind1=" " ind2=" ">
    <subfield code="a">BX7117</subfield>
    <subfield code="b">.E312 2013</subfield>
  </datafield>
  <datafield tag="100" ind1=" " ind2=" ">
    <subfield code="a">Edwards, Jonathan</subfield>
  </datafield>
  <datafield tag="245" ind1=" " ind2=" ">
    <subfield code="a">&#x5B97;&#x6559;&#x60C5;&#x611F;&#xFF1A;</subfield>
    <subfield code="b"> = Religious affections /</subfield>
    <subfield code="c">&#x611B;&#x5FB7;&#x83EF;&#x6ECB; (Jonathan Edwards) &#x8457;; &#x694A;&#x57FA;&#x8B6F;</subfield>
  </datafield>
  <datafield tag="246" ind1=" " ind2=" ">
    <subfield code="a">&#x5B97;&#x6559;&#x60C5;&#x611F;&#xFF1A;</subfield>
  </datafield>
  <datafield tag="260" ind1=" " ind2=" ">
    <subfield code="a">&#x5317;&#x4EAC;:</subfield>
    <subfield code="b">&#x4E09;&#x8054;&#x4E66;&#x5E97;,</subfield>
    <subfield code="c">2013</subfield>
  </datafield>
  <datafield tag="300" ind1=" " ind2=" ">
    <subfield code="a">319 p.</subfield>
    <subfield code="b">;</subfield>
    <subfield code="c">23 cm.</subfield>
  </datafield>
  <datafield tag="500" ind1=" " ind2=" ">
    <subfield code="a">Translation of: Religious affections</subfield>
  </datafield>
  <datafield tag="505" ind1=" " ind2=" ">
    <subfield code="a">&#x4E2D;&#x8BD1;&#x672C;&#x5BFC;&#x8A00;
&#x5F15;&#x8A00;
&#x7B2C;&#x4E00;&#x90E8;&#x5206;&#x60C5;&#x611F;&#x7684;&#x672C;&#x8D28;&#x53CA;&#x5176;&#x5728;&#x5B97;&#x6559;&#x4E2D;&#x7684;&#x91CD;&#x8981;&#x6027;
&#x4E00;&#x5173;&#x4E8E;&#x60C5;&#x611F;&#x7684;&#x5F00;&#x573A;&#x767D;
&#x4E8C;&#x771F;&#x5B97;&#x6559;&#x5F88;&#x5927;&#x90E8;&#x5206;&#x5728;&#x4E8E;&#x5723;&#x6D01;&#x7684;&#x60C5;&#x611F;
&#x4E09;&#x6559;&#x4E49;&#x63A8;&#x8BBA;
&#x7B2C;&#x4E8C;&#x90E8;&#x5206;&#x65E0;&#x6CD5;&#x8BC1;&#x660E;&#x5B97;&#x6559;&#x60C5;&#x611F;&#x662F;&#x5426;&#x51FA;&#x4E8E;&#x6069;&#x5178;&#x7684;&#x4E00;&#x4E9B;&#x73B0;&#x8C61;
&#x4E00;&#x5B97;&#x6559;&#x60C5;&#x611F;&#x70ED;&#x70C8;
&#x4E8C;&#x8EAB;&#x4F53;&#x7684;&#x751F;&#x7406;&#x53CD;&#x5E94;&#x5F3A;&#x70C8;
&#x4E09;&#x5584;&#x4E8E;&#x8C08;&#x8BBA;&#x5B97;&#x6559;
&#x56DB;&#x60C5;&#x611F;&#x6E90;&#x4E8E;&#x5916;&#x754C;
&#x4E94;&#x60C5;&#x611F;&#x4F34;&#x968F;&#x7ECF;&#x6587;&#x8FDB;&#x5165;&#x5934;&#x8111;
&#x516D;&#x60C5;&#x611F;&#x5305;&#x542B;&#x7231;&#x610F;
&#x4E03;&#x591A;&#x79CD;&#x60C5;&#x611F;&#x4EA4;&#x7EC7;
&#x516B;&#x5B97;&#x6559;&#x4F53;&#x9A8C;&#x987A;&#x5E8F;
&#x4E5D;&#x53C2;&#x52A0;&#x5B97;&#x6559;&#x6D3B;&#x52A8;
&#x5341;&#x5F00;&#x53E3;&#x8D5E;&#x7F8E;&#x4E0A;&#x5E1D;
&#x5341;&#x4E00;&#x786E;&#x4FE1;&#x81EA;&#x5DF1;&#x5F97;&#x6551;
&#x5341;&#x4E8C;&#x4EBA;&#x9645;&#x5173;&#x7CFB;&#x826F;&#x597D;
&#x7B2C;&#x4E09;&#x90E8;&#x5206;&#x6069;&#x5178;&#x60C5;&#x611F;&#x548C;&#x5723;&#x6D01;&#x60C5;&#x611F;&#x7684;&#x660E;&#x663E;&#x6807;&#x5FD7;
&#x4E00;&#x5723;&#x7075;&#x7279;&#x6B8A;&#x7684;&#x611F;&#x52A8;
&#x4E8C;&#x4E0A;&#x5E1D;&#x7F8E;&#x5584;&#x7684;&#x672C;&#x8D28;
&#x4E09;&#x5B97;&#x6559;&#x7684;&#x9053;&#x5FB7;&#x4E4B;&#x7C7B;
&#x56DB;&#x5723;&#x7075;&#x7684;&#x5149;&#x7167;
&#x4E94;&#x5C5E;&#x7075;&#x7684;&#x786E;&#x4FE1;
&#x516D;&#x798F;&#x97F3;&#x7684;&#x8C26;&#x5351;
&#x4E03;&#x4EBA;&#x6539;&#x53D8;&#x672C;&#x6027;
&#x516B;&#x57FA;&#x7763;&#x7684;&#x6027;&#x60C5;
&#x4E5D;&#x6E29;&#x67D4;&#x7684;&#x5FC3;&#x7075;
&#x5341;&#x5723;&#x6D01;&#x60C5;&#x611F;&#x5177;&#x6709;&#x7F8E;&#x611F;
&#x5341;&#x4E00;&#x5723;&#x5F92;&#x6E34;&#x671B;&#x66F4;&#x52A0;&#x5C5E;&#x7075;
&#x5341;&#x4E8C;&#x4E00;&#x751F;&#x8FFD;&#x6C42;&#x5723;&#x6D01;&#x884C;&#x4E3A;
&#x8BD1;&#x540E;&#x8BB0;</subfield>
  </datafield>
  <datafield tag="650" ind1=" " ind2=" ">
    <subfield code="a">Emotions -- Religious aspects -- Christianity.</subfield>
  </datafield>
  <datafield tag="650" ind1=" " ind2=" ">
    <subfield code="a">History of doctrines -- 18th century.</subfield>
  </datafield>
  <datafield tag="700" ind1=" " ind2=" ">
    <subfield code="a">&#x611B;&#x5FB7;&#x83EF;&#x6ECB;</subfield>
  </datafield>
  <datafield tag="700" ind1=" " ind2=" ">
    <subfield code="a">&#x694A;&#x57FA;</subfield>
  </datafield>
  <datafield tag="942" ind1=" " ind2=" ">
    <subfield code="2">ddc</subfield>
    <subfield code="c">CB</subfield>
  </datafield>
  <datafield tag="952" ind1=" " ind2=" ">
    <subfield code="0">0</subfield>
    <subfield code="1">0</subfield>
    <subfield code="4">0</subfield>
    <subfield code="7">0</subfield>
    <subfield code="a">GETS</subfield>
    <subfield code="b">GETS</subfield>
    <subfield code="c">GEN</subfield>
    <subfield code="d">2020-07-09</subfield>
    <subfield code="l">4</subfield>
    <subfield code="m">4</subfield>
    <subfield code="o">BX7117 .E312 2013&#xA0;</subfield>
    <subfield code="p">00000131</subfield>
    <subfield code="q">2026-01-01</subfield>
    <subfield code="r">2025-05-08 09:47:33</subfield>
    <subfield code="s">2025-05-08</subfield>
    <subfield code="w">2020-07-09</subfield>
    <subfield code="y">CB</subfield>
  </datafield>
  <datafield tag="999" ind1=" " ind2=" ">
    <subfield code="c">131</subfield>
    <subfield code="d">131</subfield>
  </datafield>
</record>
